Improve your communication skills / (Record no. 28817)

MARC details
000 -LEADER
fixed length control field 03291cam a2200301 i 4500
001 - CONTROL NUMBER
control field 19187108
005 - DATE AND TIME OF LATEST TRANSACTION
control field 20170125110754.0
008 - FIXED-LENGTH DATA ELEMENTS--GENERAL INFORMATION
fixed length control field 160722s2016 enk 000 0 eng
020 ## - INTERNATIONAL STANDARD BOOK NUMBER
International Standard Book Number 9780749475758 (paperback)
020 ## - INTERNATIONAL STANDARD BOOK NUMBER
Cancelled/invalid ISBN 9780749475765 (ebook)
040 ## - CATALOGING SOURCE
Original cataloging agency PACU
Language of cataloging eng
Transcribing agency PACU
050 00 - LIBRARY OF CONGRESS CALL NUMBER
Classification number HF 5718
Item number .B365 2016
100 1# - MAIN ENTRY--PERSONAL NAME
Personal name Barker, Alan,
Dates associated with a name 1956-
Relator term author.
245 10 - TITLE STATEMENT
Title Improve your communication skills /
Statement of responsibility, etc Alan Barker.
250 ## - EDITION STATEMENT
Edition statement Fourth edition.
260 ## - PUBLICATION, DISTRIBUTION, ETC. (IMPRINT)
Place of publication, distribution, etc United Kingdom ;
-- New York, NY :
Name of publisher, distributor, etc Kogan Page,
Date of publication, distribution, etc 2016.
300 ## - PHYSICAL DESCRIPTION
Extent x,162 pages ;
Dimensions 22 cm.
490 0# - SERIES STATEMENT
Series statement Creating success
500 ## - GENERAL NOTE
General note Revised edition of Improve your communication skills, 2013.
520 ## - SUMMARY, ETC.
Summary, etc "Excellent communication skills are vital in today's workplace. Whether keeping the interest of a large audience, impressing a potential employer or simply winning the argument at an important meeting, sounding the part is key. This fourth edition of Improve Your Communication Skills is full of practical advice on all aspects of verbal and non-verbal communication. It gives vital tips on improving conversations and building rapport with colleagues, learning the skills of persuasion, and writing effective emails, letters and reports. This editionincludes new information focusing on communicating across borders and virtual teams and a new chapter on managing difficult conversations"--
520 ## - SUMMARY, ETC.
Summary, etc "Improve Your Communication Skills is your practical guide to effective verbal, non-verbal and written communication in business. Full of proven tips and techniques, it will help you keep the interest of a large audience, impress a potential employer or simply win the argument at an important meeting. Better communication skills can have a direct impact on your career development. This book provides vital guidance on improving your conversations, building rapport with colleagues, learning skills of persuasion, giving effective presentations, writing effective emails, letters and reports, and networking successfully. Now in its 4th edition, essential new content includes communicating across borders and virtual teams, influencing others subtly and managing difficult conversations, as well as helpful checklists and exercises. With the help of Improve Your Communication Skills, you will be able to achieve verbal, vocal and visual success - getting your message across every time. The creating success series of books... With over one million copies sold, the hugely popular Creating Success series covers a wide variety of topics and is written by an expert team of internationally best-selling authors and business experts. This indispensable business skills collection is packed with new features, practical content and inspiring guidance for readers across all stages of their careers"--
650 #0 - SUBJECT ADDED ENTRY--TOPICAL TERM
Topical term or geographic name as entry element Business communication.
9 (RLIN) 624
650 #7 - SUBJECT ADDED ENTRY--TOPICAL TERM
Topical term or geographic name as entry element BUSINESS & ECONOMICS / Careers / General.
Source of heading or term bisacsh
650 #7 - SUBJECT ADDED ENTRY--TOPICAL TERM
Topical term or geographic name as entry element BUSINESS & ECONOMICS / Business Communication / General.
Source of heading or term bisacsh
650 #7 - SUBJECT ADDED ENTRY--TOPICAL TERM
Topical term or geographic name as entry element SELF-HELP / Personal Growth / General.
Source of heading or term bisacsh
776 08 - ADDITIONAL PHYSICAL FORM ENTRY
Display text Online version:
Main entry heading Barker, Alan, 1956- author.
Title Improve your communication skills
Edition Fourth edition.
Place, publisher, and date of publication New York, NY : Kogan Page, 2016
International Standard Book Number 9780749475765
Record control number (DLC) 2016034252
942 ## - ADDED ENTRY ELEMENTS (KOHA)
Source of classification or shelving scheme Library of Congress Classification
Item type General books
Classification part HF 5718
Call number suffix 2016
Holdings
Withdrawn status Lost status Source of classification or shelving scheme Damaged status Not for loan Home library Current library Shelving location Date acquired Source of acquisition Total Checkouts Total Renewals Full call number Barcode Checked out Date last seen Date last borrowed Price effective from Koha item type
    Library of Congress Classification     PAC UNIVERSITY PAC UNIVERSITY General Stacks 25/01/2017 Purchase 6 2 HF 5718 .B365 2016 23277 23/12/2020 12/03/2020 12/03/2020 25/01/2017 General books

Richard Ondeng' Library |56875-00200,Nairobi | Kenya
Tel: +254-20-2013146 / 2076894 | Mobile: 0721-932050, 0734-400694
Email: enquiries@pacuniversity.ac.ke| Website: www.pacuniversity.ac.ke
Powered by PAC University ICT Department